Návrh nové rajonizace cestovního ruchu ČR /

Korporativní autor: Masarykova univerzita. Katedra regionální ekonomie a správy
Další autoři: Vystoupil, Jiří, 1951-
Jazyk: Čeština
Vydáno: Brno : Masarykova univerzita, 2007
Vydání: 1. vyd.
Témata:
Externí odkaz: Digitalizovaný dokument
Fyzický popis: 98, viii s. : barev. mapy ; 30 cm
Knihy
Uloženo v:
LEADER 02062nam a2200505 a 4500
001 nkc20071714071
003 CZ PrNK
005 20070914105030.0
007 ta
008 070327s2007 xr b e f 000 0 cze
015 |a cnb001714071 
020 |a 978-80-210-4263-6  |q (brož.) 
035 |a (OCoLC)189425480 
040 |a BOA001  |b cze  |d ABA001 
043 |a e-xr--- 
072 7 |a 338.3/.4  |x Hospodářská a výrobní odvětví  |2 Konspekt  |9 4 
080 |a 338.48  |2 MRF 
080 |a 332  |2 MRF 
080 |a (437.3)  |2 MRF 
080 |a (048.8)  |2 MRF 
245 0 0 |a Návrh nové rajonizace cestovního ruchu ČR /  |c Jiří Vystoupil ... [et al.] 
250 |a 1. vyd. 
260 |a Brno :  |b Masarykova univerzita,  |c 2007 
300 |a 98, viii s. :  |b barev. mapy ;  |c 30 cm 
500 |a Název z obálky 
500 |a Publikace je výstupem řešeného projektu výzkumu a vývoje v rámci programu WB - Výzkum pro potřeby regionů MMR 
500 |a V tiráži nad názvem: Masarykova univerzita, Ekonomicko-správní fakulta, katedra regionální ekonomie a správy 
500 |a Terminologický slovník 
500 |a 100 výt. 
504 |a Obsahuje bibliografii a bibliografické odkazy 
650 0 7 |a cestovní ruch  |7 ph119113  |z Česko  |2 czenas 
650 0 7 |a regiony  |7 ph125072  |z Česko  |2 czenas 
650 0 9 |a tourism  |z Czechia  |2 eczenas 
650 0 9 |a regions  |z Czechia  |2 eczenas 
655 7 |a studie  |7 fd133597  |2 czenas 
655 9 |a studies  |2 eczenas 
700 1 |a Vystoupil, Jiří,  |d 1951-  |7 ola2004220070  |4 aut 
710 2 |a Masarykova univerzita.  |b Katedra regionální ekonomie a správy  |7 kn20020321089 
856 4 1 |u http://www.digitalniknihovna.cz/mzk/uuid/uuid:9052bbe0-63e2-11e8-8637-005056827e51  |y Digitalizovaný dokument  |x NDK 
910 2 |a BOA001  |b 3-1188.368 
990 |a BK 
995 |a 01 
991 |b 200707  |c NOV 
996 6 |b 2610314002  |c 3-1188.368  |l MZK  |r Sklad / do 1 hodiny  |n 10  |p p.v.  |w 000855147  |u 000010  |a 1  |e BOA001  |j MZK50  |s P 
996 7 |b 2610314003  |c 3-1188.368  |l MZK  |r Sklad / do 1 hodiny  |n 26  |p p.v.  |w 000855147  |u 000020  |a 1  |e BOA001  |j MZK50  |s A